An Overview of Tpack and Science Teaching/ (Record no. 199823)

MARC details
000 -LEADER
fixed length control field 00810nam a22002417a 4500
005 - DATE AND TIME OF LATEST TRANSACTION
control field 20231227110755.0
010 ## - LCCN (DPL NO)
LC control number ENG-138744 ENG-138745
020 ## - INTERNATIONAL STANDARD BOOK NUMBER
International Standard Book Number 9789390897650
Terms of availability 995.00
020 ## - INTERNATIONAL STANDARD BOOK NUMBER
International Standard Book Number 9789390897575
Terms of availability 395.00
035 ## - SYSTEM CONTROL NUMBER
System control number EN-122276
035 ## - SYSTEM CONTROL NUMBER
System control number EN-122277
037 ## - SOURCE OF ACQUISITION
Source of stock number/acquisition DBAD/PUB
082 ## - DEWEY DECIMAL CLASSIFICATION NUMBER
Classification number 371.3
Edition number 1
100 ## - MAIN ENTRY--PERSONAL NAME
Personal name Sultana, Sahifa
245 ## - TITLE STATEMENT
Title An Overview of Tpack and Science Teaching/
Statement of responsibility, etc By Sahifa Sultana
250 ## - EDITION STATEMENT
Edition statement 1
260 ## - PUBLICATION, DISTRIBUTION, ETC. (IMPRINT)
Place of publication, distribution, etc New Delhi
Name of publisher, distributor, etc Neelkamal Publications
Date of publication, distribution, etc 2021
270 ## - ADDRESS
Address 4764/1, 23, Ansari Road, Daryaganj
City New Delhi
Postal code 110002
Telephone number 011-23244237
-- 9811828953
Electronic mail address neelkamalbooks@gmail.com
300 ## - PHYSICAL DESCRIPTION
Extent xvi+189p.
Dimensions 25cm(hb)
300 ## - PHYSICAL DESCRIPTION
Extent xvi+189p.
Dimensions 24cm(pb)
500 ## - GENERAL NOTE
General note Includes bibliographical references and index
942 ## - ADDED ENTRY ELEMENTS (KOHA)
Source of classification or shelving scheme Dewey Decimal Classification
Item type English Books
Classification part 371.3
Call number suffix SUL
Edition 1
Holdings
Withdrawn status Lost status Not for loan Collection code Home library Current library Date acquired Source of acquisition Cost, normal purchase price Full call number Barcode Copy number Cost, replacement price Koha item type
      Non-fiction Ashok Vihar Ashok Vihar 27/12/2023 DBAD 995.00 371.3 SUL EN-122276 1 995.00 English Books
      Non-fiction Central Library Central Library 27/12/2023 DBAD 395.00 371.3 SUL EN-122277 1 395.00 English Books

© Delhi Public Library
Hit Counter
free hit counter